01082nam a2200277Ia 4500001000600000003000500006008004100011010001100052040000900063090001500072100003200087245014500119260004100264300001000305502008000315650003200395650003600427901001500463902000600478910000900484942000600493942000600499999001900505952014000524952014000664Z_469CHAP220113s1972 xx 000 0 und d a163446 cCHAP aTesis I 66 aIslas Solares, Mario960615 aEnsayo de trece variedades de alfalfa (Medicago sativa) en condiciones de temporal en el Valle de Toluca, Méx. /cpor Mario Islas Solares aChapingo, Méx. :bEl autor,c1972 a42 h. aTesis (Ing. Agrónomo Esp. en Zootecnia) -- ENA. Departamento de Zootecnia aAlfalfa como forraje 93899 aAlfalfaxToluca, Méx.9137643 aTESIS I 66 aM a1972 c2 c2 c163446d163446 00102local4051708TESISaZbZd2005-11-09eEl autorl0oTesis I85 66 1972p5101000100r2022-01-18 00:00:00tEj.1w2022-01-18yTESIS 00102local4055708TESISaZbZd2005-11-09eEl autorl0oTesis I85 66 1972p5101000101r2022-01-18 00:00:00tEJ.2w2022-01-18yTESIS